Disney Movies by Bird Pictures - Statistics

General Stats
  • This quiz has been taken 181 times
  • The average score is 9 of 15
Answer Stats
Picture Hint Answer % Correct
Iago Aladdin
93%
Zazu The Lion King
93%
Heihei Moana
89%
Scuttle The Little Mermaid
78%
Owl The Many Adventures of Winnie the Pooh
63%
Lady Kluck Robin Hood
60%
Buzzie, Flaps, Ziggy, and Dizzy The Jungle Book
60%
Diablo Sleeping Beauty
58%
Flit Pocahontas
53%
Archimedes The Sword in the Stone
51%
Orville The Rescuers
47%
Abigail and Amelia Gabble The Aristocats
46%
Dodo Alice in Wonderland
37%
The Crows Dumbo
36%
Madame Upanova Fantasia
19%
No matching quizzes found
Score Distribution
Percent of People with Each Score
Percentile by Number Answered
Your Score History
You have not taken this quiz